Statistics for British Prime Ministers by Picture

Click here to take the quiz!

General Stats

  • This quiz has been taken 2,253 times
    (1,256 since last reset)
  • The average score is 27 of 57

Answer Stats

Answer% Correct
Boris Johnson
98%
Rishi Sunak
96%
Margaret Thatcher
95%
Theresa May
95%
David Cameron
94%
Liz Truss
93%
Winston Churchill
93%
Tony Blair
91%
Gordon Brown
85%
John Major
82%
Harold Wilson
73%
Neville Chamberlain
72%
Clement Attlee
70%
James Callaghan
69%
Edward Heath
68%
Anthony Eden
66%
Harold Macmillan
63%
Alec Douglas-Home
60%
David Lloyd George
55%
Stanley Baldwin
53%
Robert Walpole
50%
Benjamin Disraeli, 1st Earl of Beaconsfield
49%
Ramsay MacDonald
49%
William Ewart Gladstone
47%
Herbert Henry Asquith
46%
Bonar Law
42%
Robert Gascoyne-Cecil, 3rd Marquess of Salisbury
40%
William Pitt the Younger
40%
Arthur Balfour
37%
Arthur Wellesley, 1st Duke of Wellington
37%
Henry Campbell-Bannerman
35%
Robert Peel
33%
William Pitt, 1st Earl of Chatham
32%
Edward Smith-Stanley, 14th Earl of Derby
29%
Henry John Temple, 3rd Viscount Palmerston
29%
Frederick North, Lord North
28%
William Lamb, 2nd Viscount Melbourne
28%
Archibald Primrose, 5th Earl of Rosebery
27%
Henry Pelham
26%
John Russell, 1st Earl Russell
26%
Spencer Compton, 1st Earl of Wilmington
26%
George Canning
25%
Spencer Perceval
25%
Charles Grey, 2nd Earl Grey
24%
Robert Jenkinson, 2nd Earl of Liverpool
24%
George Hamilton-Gordon, 4th Earl of Aberdeen
23%
William Cavendish, 4th Duke of Devonshire
22%
Thomas Pelham-Holles, 1st Duke of Newcastle
21%
Charles Watson-Wentworth, 2nd Marquess of Rockingham
20%
Frederick John Robinson, 1st Viscount Goderich
20%
Henry Addington
20%
John Stuart, 3rd Earl of Bute
20%
William Cavendish-Bentinck, 3rd Duke of Portland
19%
William Petty, 2nd Earl of Shelburne
19%
Augustus FitzRoy, 3rd Duke of Grafton
18%
George Grenville
18%
William Grenville, 1st Baron Grenville
17%

Score Distribution

Percentile by Number Answered

Percent of People with Each Score

Your Score History

You have not taken this quiz since the last reset